00621 2200205 4500001002100000005001500021035002500036008004100061020002200102082000800124090001900132100003000151245010000181250001000281260004100291300002500332500001100357650002500368990002200393YOGYA-0712000000057020250619100613 a0010-071200000000570 ind  a978-602-229-009-4 a301 aDEP 301bNYO A aNYOMAN KUTHA RATNA, 1944- aAntropologi sastra :bperanan unsur-unsur kebudayaan dalam proses kreatif /cNyoman Kutha Ratna acet 1 aYogyakarta :bPustaka Pelajar,c2011 aXIV,530 hlm ;c23 cm aIndeks aAntropologi - Sastra aCB-D.11/2011-1808